Escalações da dupla GreNal em Finais Internacionais - Statistics

Estatísticas Gerais
  • Esse quiz foi jogado 19 vezes
  • A pontuação média é 34 de 118
Estatísticas das Respostas
Jogador % Correto
ZAG (Argentina) Geromel
88%
MEI (Argentina) D'Alessandro
81%
CA (Paraguai) Índio
81%
LE (Brasil) Kannemann
81%
MD (Brasil) Luan
81%
CA (Argentina) Bolívar
75%
SUB: VOL (Brasil) Éverton
75%
Renato Gaúcho
75%
SUB: MC (Brasil) Renato Portaluppi
75%
VOL (Chile) Arthur
69%
CA (Equador) Barrios
69%
ZAG (Brasil) Edílson
69%
GOL (Uruguai) Grohe
69%
VOL (Argentina) Guiñazu
69%
SUB: GOL (Brasil) Leandro Damião
69%
Celso Roth
63%
Fernandão
63%
SA (Brasil) Fernandinho
63%
ME (Brasil) Ramiro
63%
SUB: CA (Brasil) Tinga
63%
Abel Braga
56%
Alex
56%
Clemer
56%
LD (Espanha) Cortez
56%
SUB: PD (Brasil) Giuliano
56%
VOL (Brasil) Kléber
56%
SUB: MEI (Brasil) Rafael Sóbis
56%
LD (Brasil) Renan
56%
GOL (Brasil) Bressan
50%
SUB: PE (Brasil) Cícero
50%
VOL (EUA) Jailson
50%
CA (Brasil) Nei
50%
MEI (Brasil) Sandro
50%
SUB: ME (Brasil) Taison
50%
Ceará
44%
Jardel
44%
Paulo Nunes
44%
SUB: LE (Brasil) Alecsandro
38%
Danrlei
38%
Francisco Arce
38%
Jorge Wagner
38%
Diego Souza
31%
Douglas
31%
Edinho
31%
Fabiano Eller
31%
SUB: ZAG (Brasil) Jael
31%
Luiz Felipe Scolari
31%
Mano Menezes
31%
Dinho
25%
Lucas Leiva
25%
GOL (Argentina) Michel
25%
Sebastián Saja
25%
Carlos Eduardo
19%
Sandro Goiano
19%
Tcheco
19%
Adílson
13%
Adílson Batista
13%
Alexandre
13%
Carlos Miguel
13%
Catalino Rivarola
13%
Goiano
13%
Lúcio
13%
Mauro Galvão
13%
TEC: (Brasil) Rafael Thyere
13%
Teco
13%
Tuta
13%
Wellington Monteiro
13%
William
13%
Diego Gavilán
6%
Ediglê
6%
SUB: SA (Brasil) Everton Costa
6%
Fabinho
6%
Patrício
6%
Roger Machado
6%
Rolando Schiavi
6%
Tita
6%
SUB: LD (Brasil) Wilson Matias
6%
Adavílson
0%
Alexandre Gaúcho
0%
André Lus
0%
Arílson
0%
Baidek
0%
Batista
0%
Berreta
0%
Caio
0%
Carlos Froner
0%
Casemiro
0%
César
0%
Chico Spina
0%
China
0%
Cláudio Mineiro
0%
Ênio Andrade
0%
Falcão
0%
Gasperin
0%
Gilson Gaca
0%
Guilherme
0%
Hugo De León
0%
Jair
0%
João Marcos
0%
Luciano Dias
0%
Luís Carlos
0%
Mário Sérgio
0%
Mauro Pastor
0%
Mazarópi
0%
Nildo
0%
Osvaldo
0%
Paulo César
0%
Paulo Roberto
0%
Tarciso
0%
Tonho
0%
Toninho
0%
Valdir Espinosa
0%
Nenhum quiz correspondente encontrado
Distribuição das Pontuações
Porcentagem de Pessoas com Cada Pontuação
Percentil de Números Respondidos
Sua Pontuação Histórica
Você não jogou esse quiz